| 000 | 00542nam a2200169 a 4500 | ||
|---|---|---|---|
| 001 | 000044413 | ||
| 005 | 20201002045345.0 | ||
| 008 | 140630s2007 dr 000 0 spa d | ||
| 020 | _a9788575960851 | ||
| 040 |
_aDO-SdBNP _bspa _cBNPHU |
||
| 041 | 1 | 7 | _aport. |
| 100 | 1 |
_aDa silva, Deonísio _972427 |
|
| 245 | 1 | 0 |
_aOs segredos do Baú : _be outos Contos, antología de prosa / _cDeonísio Da silva ; editora Reneta Borge. |
| 260 |
_aSao Paulo : _bPeirópolis, _c2007. |
||
| 300 |
_a97 p. : _bil. ; _c25 cm. |
||
| 700 | 1 | 2 |
_aBorge, Renata _eed. _972428 |
| 999 |
_c43902 _d43902 |
||